000 00627nam a2200193Ia 4500
003 GCL
008 140319s9999 xx 000 0 ara d
040 _aGCL /
_cGCL
082 0 4 _a541.36
_bا هـ
100 1 _aابراهيم سالم منصور
245 1 0 _aهندسةالديناميكا الحرارية الكيميائية /
_cابراهيم سالم منصور
260 _a[S.N] :
_bدار الراتب الجامعية
300 _a385 ص
490 _a
650 0 4 _aالديناميكا
650 0 4 _aالديناميكا الحرارية
650 0 4 _aالكيمياء الحرارية
942 _2ddc
_cBK
999 _c42195
_d42195